00489nam a2200181Ia 450000500170000000800460001703700120006304000200007504100130009508400210010810000250012924500310015426000670018530000140025236500130026654600110027965000170029020250508164517.0008 250505s9999 xx 000 0 eng d aTextual aFEDLbengcFEDL aeng2eng a331.4, GOTqFEDL aGothoskar Sujata Ed. 0aStruggles of women at work aNew Delhi, IndiabVikas Publishing House Private Limitedc1992 axix,199p. aINRb295 aMACESE aWomen labour